[Event "Ciudad de Pamplona"]
[Site "Pamplona"]
[Date "2006.12.23"]
[Round "2.2"]
[White "Shirov, Alexei"]
[Black "Wojtaszek, Radoslaw"]
[Result "0-1"]
[WhiteElo "2720"]
[BlackElo "2630"]
[PlyCount "62"]
[EventDate "2006.12.22"]
[EventType "tourn"]
[EventRounds "7"]
[EventCountry "ESP"]
[EventCategory "17"]
[Source ""]
[SourceDate "2006.12.22"]

1. e4 c5 2. Nf3 d6 3. d4 cxd4 4. Nxd4 Nf6 5. Nc3 a6 6. Be3 e5 7. Nb3 Be6 8. f3
Be7 9. Qd2 O-O 10. O-O-O a5 11. Kb1 a4 12. Nc1 a3 13. b3 Ra5 14. Bc4 Bxc4 15.
bxc4 Qc8 16. Qd3 Nbd7 17. Nb3 Ra6 18. g4 Rc6 19. g5 Ne8 20. Nd5 Bd8 21. Nd2 Nc5
22. Qxa3 Ra6 23. Qb2 Na4 24. Qb4 Nc7 25. Nb3 b5 26. c5 Nxd5 27. exd5 Bb6 28.
cxb6 Nc3+ 29. Qxc3 Qxc3 30. Rd3 Qc4 31. Rc1 Qa4 0-1

[Event "Ciudad de Pamplona"]
[Site "Pamplona"]
[Date "2006.12.23"]
[Round "2.3"]
[White "Bauer, Christian"]
[Black "Korneev, Oleg"]
[Result "1-0"]
[WhiteElo "2585"]
[BlackElo "2657"]
[PlyCount "99"]
[EventDate "2006.12.22"]
[EventType "tourn"]
[EventRounds "7"]
[EventCountry "ESP"]
[EventCategory "17"]
[Source ""]
[SourceDate "2006.12.22"]

1. d4 d5 2. c4 c6 3. Nf3 Nf6 4. e3 Bf5 5. Nc3 e6 6. Nh4 Bg6 7. Be2 Nbd7 8. Bd2
Be7 9. Nxg6 hxg6 10. O-O O-O 11. a3 dxc4 12. Bxc4 e5 13. dxe5 Nxe5 14. Be2 Qd7
15. Qc2 Rad8 16. Rad1 Qe6 17. Ne4 Nxe4 18. Qxe4 Qf5 19. Qa4 Bc5 20. Bc3 Bb6 21.
h3 Rfe8 22. Rxd8 Rxd8 23. Rd1 Rxd1+ 24. Qxd1 Qe6 25. a4 Bc7 26. Qd4 b6 27. f4
c5 28. Qe4 Qc6 29. Bd3 f5 30. Qxc6 Nxc6 31. g4 fxg4 32. hxg4 g5 33. Be4 Nd8 34.
f5 Nf7 35. Bd5 Kf8 36. Bxf7 Kxf7 37. Kf2 g6 38. Kf3 gxf5 39. gxf5 a6 40. e4 b5
41. axb5 axb5 42. e5 b4 43. e6+ Ke7 44. Bd2 Be5 45. Bxg5+ Ke8 46. f6 Bxb2 47.
f7+ Kf8 48. Ke4 b3 49. Kf5 Bg7 50. Kg6 1-0

[Event "Ciudad de Pamplona"]
[Site "Pamplona"]
[Date "2006.12.24"]
[Round "3.3"]
[White "Wojtaszek, Radoslaw"]
[Black "Bauer, Christian"]
[Result "0-1"]
[WhiteElo "2630"]
[BlackElo "2585"]
[PlyCount "108"]
[EventDate "2006.12.22"]
[EventType "tourn"]
[EventRounds "7"]
[EventCountry "ESP"]
[EventCategory "17"]
[Source ""]
[SourceDate "2006.12.22"]

1. d4 Nf6 2. c4 e6 3. Nf3 d5 4. Nc3 Bb4 5. Bg5 h6 6. Bxf6 Qxf6 7. Qb3 c5 8.
cxd5 exd5 9. e3 Nc6 10. Bb5 O-O 11. dxc5 d4 12. Bxc6 dxc3 13. Qxb4 cxb2 14. Rb1
bxc6 15. Rxb2 Ba6 16. Nd4 Rfe8 17. Kd1 Rab8 18. Qxb8 Rxb8 19. Rxb8+ Kh7 20. Rb2
Qg5 21. Kc1 Qxg2 22. Rd1 Qxh2 23. Rc2 Qe5 24. Rc3 h5 25. Kb2 Qd5 26. f3 h4 27.
e4 Qd8 28. Kc2 Qa5 29. a3 Qc7 30. Kb2 Bc8 31. Nf5 Qh2+ 32. Kb1 Bxf5 33. exf5
Qe5 34. Kb2 Qxf5 35. Rd6 h3 36. Rd1 Qf4 37. Rh1 Qg3 38. Rc2 Qxf3 39. Rch2 Kg8
40. Rxh3 Qf2+ 41. Kb3 f5 42. Rh8+ Kf7 43. Rc1 Qd2 44. Rc3 f4 45. Rb8 Qd5+ 46.
Ka4 Qd4+ 47. Kb3 Qd5+ 48. Ka4 g5 49. Rb7+ Kg6 50. Rbb3 g4 51. Rb4 Kg5 52. Rcc4
Qd1+ 53. Ka5 g3 54. Rd4 Qxd4 0-1

[Event "Ciudad de Pamplona"]
[Site "Pamplona"]
[Date "2006.12.28"]
[Round "6.4"]
[White "Korneev, Oleg"]
[Black "Wojtaszek, Radoslaw"]
[Result "1/2-1/2"]
[WhiteElo "2657"]
[BlackElo "2630"]
[PlyCount "22"]
[EventDate "2006.12.22"]
[EventType "tourn"]
[EventRounds "7"]
[EventCountry "ESP"]
[EventCategory "17"]
[Source ""]
[SourceDate "2006.12.22"]

1. e4 c6 2. d4 d5 3. Nc3 dxe4 4. Nxe4 Nd7 5. Nf3 Ngf6 6. Nxf6+ Nxf6 7. c3 Bg4
8. h3 Bxf3 9. Qxf3 Qd5 10. Be2 Qxf3 11. Bxf3 e6 1/2-1/2